Paises con más Lidl (en europa) - Estadísticas

Estadísticas generales
  • Esta prueba ha sido intentada 46 veces
  • La puntuación promedio es 9 de 10
Estadísticas de respuestas
Cantidad País % Correcto
~700 España
100%
~3.200 Alemania
98%
~1600 Francia
98%
~780 Italia
98%
~930 Polonia
93%
~1000 Reino Unido
93%
~440 Paises Bajos
90%
~300 Suecia
90%
~368 Rumania
78%
~320 República Checa
75%
No se encontraron pruebas coincidentes
Distribución de puntuación
Porcentaje de gente con cada puntuación
Porcentaje por número respondido
Historial de tus puntuaciones
No has intentado esta prueba.